000 00762nab a2200229 4500
003 BR-BrBNA
005 20251228235009.0
008 251228b bl.||||| |||| 00| 0 por d
040 _aBR-BrBNA
_bpor
072 _aL01 ; E20 ; E16 ; E70
_b5214
100 _aOndei, Vera
245 _aGestão gota a gota
_bAgrofinanças
500 _a3 illus.
650 _aPECUÁRIA LEITEIRA
650 _aGESTÃO DA PROPRIEDADE
650 _aCUSTO DE PRODUÇÃO
650 _aCONTROLE
650 _aCOMERCIALIZAÇÃO
773 0 _01706
_9348085
_dSão Paulo-SP Editora Três Ltda - E-mail: luizfsa@revistadinheiro.com.br 2004
_o2025-0578
_tDinheiro Rural (Brazil)
_x1807-3700
_gv. 9(105) p. 88-90; (Jul 2013)
_wBR2025005340
942 _cANA
999 _c339640
_d339640